|
|
|
|
| LEADER |
00000nam a2200000Ii 4500 |
| 001 |
DIGVIETO212 |
| 003 |
NyNyDIG |
| 007 |
cr ||||||||||| |
| 008 |
211126s2014 sp ob 000 0 spa d |
| 006 |
m o d |
| 035 |
|
|
|a (OCoLC)1287827589
|
| 040 |
|
|
|a DGITA
|b eng
|e rda
|e pn
|c DGITA
|
| 020 |
|
|
|z 9788494263859
|
| 043 |
|
|
|a n-us---
|a e------
|
| 050 |
1 |
4 |
|a KF6660 ebook
|
| 100 |
1 |
|
|a Garzón Espinosa, Alberto,
|e author.
|
| 245 |
1 |
3 |
|a La gran amenaza :
|b sobre el Tratado de Libre Comercio entre Estados Unidos y la Unión Europea /
|c Alberto Garzón, Desiderio Cansino, John Hilary.
|
| 264 |
|
1 |
|a [Barcelona, Spain] :
|b El Viejo Topo,
|c [2014]
|
| 300 |
|
|
|a 1 online resource.
|
| 336 |
|
|
|a text
|b txt
|2 rdacontent
|
| 337 |
|
|
|a computer
|b c
|2 rdamedia
|
| 338 |
|
|
|a online resource
|b cr
|2 rdacarrier
|
| 347 |
|
|
|a text file
|2 rdaft
|
| 347 |
|
|
|b PDF
|
| 504 |
|
|
|a Includes bibliographical references.
|
| 588 |
0 |
|
|a Online resource; title from PDF title page (Digitalia, viewed November 26, 2021)
|
| 650 |
|
0 |
|a Non-tariff trade barriers
|x Law and legislation
|z United States.
|
| 651 |
|
0 |
|a United States
|v Commercial treaties.
|
| 651 |
|
0 |
|a United States
|x Foreign economic relations
|z European Union countries.
|
| 651 |
|
0 |
|a European Union countries
|x Foreign economic relations
|z United States.
|
| 630 |
0 |
0 |
|a Transatlantic Trade and Investment Partnership.
|
| 655 |
|
0 |
|a Electronic books.
|
| 700 |
1 |
|
|a Cansino, Desiderio,
|e author.
|
| 700 |
1 |
|
|a Hilary, John,
|e author.
|
| 791 |
2 |
|
|a Digitalia (Firm),
|e distributor.
|
| 793 |
0 |
|
|g Digitalia eBook Collection:
|a El Viejo Topo
|
| 776 |
0 |
8 |
|i Print version:
|a Garzón Espinosa, Alberto.
|t Gran amenaza.
|d [Barcelona, Spain] : El Viejo Topo, [2014]
|z 9788494263859
|
| 856 |
4 |
0 |
|3 Digitalia Hispánica
|u https://www.digitaliapublishing.com/a/57734/
|
| 910 |
|
|
|a Premium collection: 2021
|